[Event "Catalunya-chT Gp1"]
[Site "Barcelona"]
[Date "2024.01.20"]
[Round "1.4"]
[White "Del Amo Carbo, Jordi"]
[Black "Tallo Dominguez, Imar"]
[Result "0-1"]
[WhiteElo "2115"]
[BlackElo "2311"]
[PlyCount "38"]
[EventDate "2024.01.20"]
[EventType "team-tourn"]
[EventRounds "7"]
[EventCountry "ESP"]
[SourceTitle "CB06_2024"]
[SourceDate "2024.02.07"]
[SourceVersion "1"]
[SourceVersionDate "2024.02.07"]
[SourceQuality "1"]
[WhiteTeam "Terrassa"]
[BlackTeam "Ateneu Colon"]
[WhiteTeamCountry "ESP"]
[BlackTeamCountry "ESP"]

1. d4 Nf6 2. c4 c5 3. d5 b5 4. cxb5 a6 5. bxa6 g6 6. Nc3 Bg7 7. Nf3 0-0 8. g3 d6 9. Bg2 Bf5 10. 0-0 Nxa6 11. Nh4 Bd7 12. e4 Qb6 13. Rb1 Ng4 14. Bd2 Nb4 15. a3 Nd3 16. Qe2 c4 17. h3 Ndxf2 18. Rxf2 Nxf2 19. Be3 Qb3 0-1

[Event "Catalunya-chT Final A+B"]
[Site "Barcelona"]
[Date "2020.03.07"]
[Round "8.4"]
[White "Tallo Dominguez, Imar"]
[Black "Piedra Salabarria, Ernesto"]
[Result "1-0"]
[WhiteElo "2232"]
[BlackElo "2290"]
[PlyCount "99"]
[EventDate "2020.03.07"]
[EventType "team-tourn"]
[EventRounds "11"]
[EventCountry "ESP"]
[SourceTitle "EXT 2023"]
[Source "ChessBase"]
[SourceDate "2022.10.05"]
[SourceVersion "1"]
[SourceVersionDate "2022.10.05"]
[SourceQuality "1"]
[WhiteTeam "Colon Ateneu"]
[BlackTeam "Badalona Cor de Marina"]
[WhiteTeamCountry "ESP"]
[BlackTeamCountry "ESP"]

1. e4 c5 2. Nf3 Nc6 3. Bb5 g6 4. 0-0 Bg7 5. Re1 e5 6. Bxc6 bxc6 7. c3 Ne7 8. d3 0-0 9. Nbd2 d6 10. b3 a5 11. Bb2 a4 12. bxa4 Rb8 13. Qc2 f5 14. c4 f4 15. Bc3 h6 16. Reb1 Ra8 17. a5 g5 18. Rb6 g4 19. Ne1 h5 20. Qb2 h4 21. Rb8 Ra6 22. Rb1 Qe8 23. Nf1 f3 24. Ne3 Qf7 25. gxf3 gxf3 26. Kh1 Bh6 27. N1c2 Ng6 28. Rg1 Kh8 29. Rxc8 Rxc8 30. Nf5 Bf8 31. Ne1 Ra7 32. Nxf3 Be7 33. Qd2 Qh7 34. h3 Rf8 35. Rg4 Qh5 36. Kh2 Bd8 37. Ng5 Bf6 38. Ne6 Re8 39. Ng5 Rd7 40. a6 Rg8 41. Nxd6 Bxg5 42. Rxg5 Qf3 43. Rg4 Rh7 44. Nf5 Rd7 45. Qh6+ Rh7 46. Qd2 Rd7 47. Qh6+ Rh7 48. Bxe5+ Rgg7 49. Bxg7+ Kg8 50. Ne7+ 1-0

[Event "Barcelona Guinardo op 5th"]
[Site "Barcelona"]
[Date "2016.01.04"]
[Round "8"]
[White "Tallo Dominguez, Imar"]
[Black "Ayats Llobera, Gerard"]
[Result "1-0"]
[WhiteElo "2242"]
[BlackElo "1988"]
[PlyCount "60"]
[EventDate "2015.12.27"]
[EventType "swiss"]
[EventRounds "9"]
[EventCountry "ESP"]
[SourceTitle "CBM 170 Extra"]
[Source "ChessBase"]
[SourceDate "2016.02.25"]
[SourceVersion "1"]
[SourceVersionDate "2016.02.25"]
[SourceQuality "1"]

1. e4 e6 2. d4 d5 3. Nd2 c5 4. Ngf3 cxd4 5. exd5 Qxd5 6. Bc4 Qd6 7. 0-0 Nf6 8. Nb3 Nc6 9. Nbxd4 Nxd4 10. Nxd4 a6 11. Re1 Qc7 12. Qe2 Bd7 13. Bg5 0-0-0 14. Rad1 Bd6 15. Bxa6 Bxh2+ 16. Kh1 Bf4 17. Bxb7+ Kxb7 18. Qf3+ Nd5 19. Bxd8 Rxd8 20. c4 Qxc4 21. Re4 Bc7 22. Nxe6 Qc6 23. Nxd8+ Bxd8 24. Rxd5 Qxd5 25. Rb4+ Kc6 26. Qc3+ Kd6 27. Rd4 Be6 28. Rxd5+ Bxd5 29. Qxg7 Bxa2 30. Qxh7 Bf6 1-0

[Event "Catalunya-chT GpA final"]
[Site "Barcelona"]
[Date "2015.04.18"]
[Round "11.2"]
[White "Tallo Dominguez, Imar"]
[Black "Fernandez Garcia, Francesc"]
[Result "1-0"]
[WhiteElo "2232"]
[BlackElo "2067"]
[PlyCount "54"]
[EventDate "2015.03.14"]
[EventType "team-tourn"]
[EventRounds "11"]
[EventCountry "ESP"]
[SourceTitle "EXT 2016"]
[Source "ChessBase"]
[SourceDate "2015.10.08"]
[SourceVersion "1"]
[SourceVersionDate "2015.10.08"]
[SourceQuality "1"]
[WhiteTeam "Colon Sabadell"]
[BlackTeam "Figueres"]
[WhiteTeamCountry "ESP"]
[BlackTeamCountry "ESP"]

1. e4 c5 2. Nf3 g6 3. d4 cxd4 4. Nxd4 Bg7 5. Nc3 Nc6 6. Be3 Nf6 7. Bc4 0-0 8. Bb3 d6 9. h3 Bd7 10. 0-0 Nxd4 11. Bxd4 Bc6 12. Qd3 Nd7 13. Bxg7 Kxg7 14. Rad1 Kg8 15. f4 a5 16. Kh1 Qb6 17. Bd5 Nc5 18. Qd4 Nd7 19. Qd3 Nc5 20. Qf3 e6 21. Bxc6 Qxc6 22. f5 Nd7 23. Qf4 Ne5 24. Qh6 gxf5 25. exf5 f6 26. fxe6 Ng6 27. Nd5 f5 1-0

[Event "Catalunya-chT Gp2"]
[Site "Barcelona"]
[Date "2015.02.21"]
[Round "5.4"]
[White "Tallo Dominguez, Imar"]
[Black "Anguera Maestro, Jaime"]
[Result "1-0"]
[WhiteElo "2232"]
[BlackElo "2090"]
[PlyCount "51"]
[EventDate "2015.01.24"]
[EventType "team-tourn"]
[EventRounds "7"]
[EventCountry "ESP"]
[SourceTitle "EXT 2016"]
[Source "ChessBase"]
[SourceDate "2015.10.08"]
[SourceVersion "1"]
[SourceVersionDate "2015.10.08"]
[SourceQuality "1"]
[WhiteTeam "Colon Sabadell"]
[BlackTeam "Sant Andreu"]
[WhiteTeamCountry "ESP"]
[BlackTeamCountry "ESP"]

1. e4 d5 2. exd5 Qxd5 3. Nc3 Qa5 4. d4 c6 5. Nf3 Nf6 6. Bc4 Bf5 7. Bd2 Qd8 8. Ne5 e6 9. Qe2 Be7 10. g4 Bg6 11. h4 Qxd4 12. 0-0-0 Nbd7 13. Nxd7 Nxd7 14. h5 Bxc2 15. Kxc2 Ne5 16. Bb3 Rd8 17. Bc1 Qc5 18. Be3 Qa5 19. Bd4 Nd7 20. h6 Rg8 21. hxg7 Qg5 22. f4 Qxf4 23. Rxh7 Nf6 24. Rh8 Rxd4 25. Rxd4 Qxd4 26. g5 1-0

[Event "Barcelona Sants op 16th"]
[Site "Barcelona"]
[Date "2014.08.27"]
[Round "6"]
[White "Graf, Felix"]
[Black "Tallo Dominguez, Imar"]
[Result "1-0"]
[WhiteElo "2479"]
[BlackElo "2245"]
[PlyCount "42"]
[EventDate "2014.08.22"]
[EventType "swiss"]
[EventRounds "10"]
[EventCountry "ESP"]
[SourceTitle "CBM 162 Extra"]
[Source "ChessBase"]
[SourceDate "2014.10.17"]
[SourceVersion "1"]
[SourceVersionDate "2014.10.17"]
[SourceQuality "1"]

1. b3 e5 2. Bb2 Nc6 3. e3 Nf6 4. h3 d5 5. Bb5 Bd6 6. Nf3 e4 7. Ne5 Bd7 8. Nxd7 Qxd7 9. 0-0 a6 10. Bxc6 bxc6 11. c4 Qe7 12. d3 0-0 13. Qc2 Nd7 14. cxd5 cxd5 15. dxe4 dxe4 16. Nd2 Nc5 17. Bd4 Nd3 18. f3 c5 19. Bc3 f5 20. Rad1 Bc7 21. Nc4 Rad8 1-0

[Event "Barcelona Sants op 16th"]
[Site "Barcelona"]
[Date "2014.08.25"]
[Round "4"]
[White "Gonzalez Acosta, Bernal Manuel"]
[Black "Tallo Dominguez, Imar"]
[Result "1-0"]
[WhiteElo "2469"]
[BlackElo "2245"]
[PlyCount "81"]
[EventDate "2014.08.22"]
[EventType "swiss"]
[EventRounds "10"]
[EventCountry "ESP"]
[SourceTitle "CBM 162 Extra"]
[Source "ChessBase"]
[SourceDate "2014.10.17"]
[SourceVersion "1"]
[SourceVersionDate "2014.10.17"]
[SourceQuality "1"]

1. d4 d5 2. c4 c6 3. Nf3 Nf6 4. e3 Bf5 5. Nc3 a6 6. Qb3 Ra7 7. a4 h6 8. a5 e6 9. Bd2 Nbd7 10. Na4 Ne4 11. Bb4 c5 12. dxc5 Ndxc5 13. Nxc5 Nxc5 14. Qa3 Qd6 15. cxd5 Nd3+ 16. Bxd3 Qxb4+ 17. Qxb4 Bxb4+ 18. Ke2 Bxd3+ 19. Kxd3 exd5 20. Ra4 Be7 21. Rc1 Ra8 22. Rd4 Bf6 23. Rxd5 Bxb2 24. Rb1 Bf6 25. Rxb7 0-0 26. Nd4 Rab8 27. Rdd7 Be5 28. f4 Rxb7 29. Rxb7 Rb8 30. Rb6 Bc7 31. Rxa6 Rb2 32. Ra7 Bd6 33. Rd7 Bc5 34. Kc4 Bxd4 35. Rxd4 g5 36. fxg5 hxg5 37. a6 Kg7 38. Kc5 Ra2 39. Kb5 Kf6 40. Ra4 Rb2+ 41. Ka5 1-0

[Event "Barcelona Sants op 16th"]
[Site "Barcelona"]
[Date "2014.08.24"]
[Round "3"]
[White "Tallo Dominguez, Imar"]
[Black "Cori Tello, Deysi Estella"]
[Result "1/2-1/2"]
[WhiteElo "2245"]
[BlackElo "2422"]
[PlyCount "88"]
[EventDate "2014.08.22"]
[EventType "swiss"]
[EventRounds "10"]
[EventCountry "ESP"]
[SourceTitle "CBM 162 Extra"]
[Source "ChessBase"]
[SourceDate "2014.10.17"]
[SourceVersion "1"]
[SourceVersionDate "2014.10.17"]
[SourceQuality "1"]

1. Nf3 Nf6 2. g3 b5 3. Bg2 Bb7 4. 0-0 e6 5. d3 d5 6. a4 b4 7. Nbd2 Be7 8. Re1 0-0 9. c3 a5 10. Ne5 Nbd7 11. Ndf3 Bd6 12. Bf4 Nxe5 13. Bxe5 Bxe5 14. Nxe5 Qd6 15. d4 c5 16. Rc1 Rac8 17. Nd3 cxd4 18. cxd4 Nd7 19. Qd2 Ba6 20. b3 Qb6 21. Nf4 Nf6 22. e3 Rfd8 23. Nd3 Bxd3 24. Qxd3 Rc7 25. Rc2 Rdc8 26. Rec1 Ne8 27. Qd2 Rc6 28. Bf1 Nd6 29. Bd3 h6 30. Rxc6 Rxc6 31. Rxc6 Qxc6 32. Qc2 Qxc2 33. Bxc2 g5 34. g4 Kg7 35. Kg2 f5 36. Kg3 Kf6 37. f4 gxf4+ 38. Kxf4 fxg4 39. Kxg4 e5 40. Bh7 exd4 41. exd4 Kg7 42. Bf5 Kf6 43. Bh7 Kg7 44. Bf5 Kf6 1/2-1/2

[Event "Catalunya-chT"]
[Site "Catalunya"]
[Date "2014.03.15"]
[Round "8.1"]
[White "Tallo Dominguez, Imar"]
[Black "Oset Teixidor, Guerau"]
[Result "1-0"]
[WhiteElo "2245"]
[BlackElo "1920"]
[PlyCount "65"]
[EventDate "2014.01.25"]
[EventType "team"]
[EventRounds "11"]
[EventCountry "ESP"]
[SourceTitle "EXT 2015"]
[Source "ChessBase"]
[SourceDate "2014.11.20"]
[SourceVersion "1"]
[SourceVersionDate "2014.11.20"]
[SourceQuality "1"]
[WhiteTeam "Colon Sabadell"]
[BlackTeam "Montcada"]
[WhiteTeamCountry "ESP"]
[BlackTeamCountry "ESP"]

1. e4 c6 2. d4 d5 3. e5 Bf5 4. Nf3 e6 5. Be2 Ne7 6. Nh4 Nd7 7. 0-0 c5 8. c3 Qb6 9. Na3 a6 10. Nxf5 Nxf5 11. Nc2 Rc8 12. g4 Ne7 13. Rb1 Ng6 14. Be3 Be7 15. f4 cxd4 16. cxd4 0-0 17. Bd3 Rfd8 18. f5 exf5 19. gxf5 Ngf8 20. Qf3 Rc6 21. Kh1 Rdc8 22. Na1 Qa5 23. a3 Nb6 24. Nb3 Qa4 25. Nd2 Nfd7 26. f6 gxf6 27. Qg4+ Kf8 28. Bh6+ Ke8 29. Qg8+ Bf8 30. Rbe1 Qxd4 31. exf6+ Kd8 32. Bxf8 Kc7 33. Qg3+ 1-0

[Event "Catalunya-chT"]
[Site "Catalunya"]
[Date "2014.02.08"]
[Round "3.4"]
[White "Tallo Dominguez, Imar"]
[Black "Orteu Capdevila, Max"]
[Result "1-0"]
[WhiteElo "2245"]
[BlackElo "1801"]
[PlyCount "55"]
[EventDate "2014.01.25"]
[EventType "team"]
[EventRounds "11"]
[EventCountry "ESP"]
[SourceTitle "CBM 158 Extra"]
[Source "ChessBase"]
[SourceDate "2014.02.28"]
[SourceVersion "1"]
[SourceVersionDate "2014.02.28"]
[SourceQuality "1"]
[WhiteTeam "Colon Sabadell"]
[BlackTeam "Barcelona Escola Escacs"]
[WhiteTeamCountry "ESP"]
[BlackTeamCountry "ESP"]

1. e4 c5 2. Nf3 e6 3. d4 cxd4 4. Nxd4 Nc6 5. Nb5 d6 6. c4 a6 7. N5c3 Nf6 8. Be2 Be7 9. 0-0 0-0 10. Be3 Bd7 11. Na3 Qc7 12. Rc1 Ne5 13. f4 Ng6 14. g3 Rfe8 15. Bf3 h6 16. Qd2 Rac8 17. h4 Nh7 18. Rfd1 Kh8 19. e5 d5 20. cxd5 Bxa3 21. bxa3 Qa5 22. Ne4 Qxd2 23. Bxd2 Ba4 24. Re1 exd5 25. Nd6 Rxc1 26. Rxc1 Re7 27. Rc8+ Nhf8 28. h5 1-0

[Event "Catalunya-chT Honor"]
[Site "Catalunya"]
[Date "2013.04.13"]
[Round "11.7"]
[White "Draghici Flutur, Gavril"]
[Black "Tallo Dominguez, Imar"]
[Result "0-1"]
[WhiteElo "2141"]
[BlackElo "2250"]
[PlyCount "38"]
[EventDate "2013.01.19"]
[EventType "team-tourn"]
[EventRounds "11"]
[EventCountry "ESP"]
[SourceTitle "EXT 2014"]
[Source "ChessBase"]
[SourceDate "2013.11.20"]
[SourceVersion "1"]
[SourceVersionDate "2013.11.20"]
[SourceQuality "1"]
[WhiteTeam "Sitges"]
[BlackTeam "Colon Sabadell"]
[WhiteTeamCountry "ESP"]
[BlackTeamCountry "ESP"]

1. e4 c5 2. Nf3 d6 3. d4 cxd4 4. Nxd4 Nf6 5. Nc3 a6 6. h3 e6 7. g4 d5 8. e5 Nfd7 9. Qe2 Nc6 10. Nxc6 bxc6 11. Bg2 a5 12. Bf4 Ba6 13. Qd2 Nb6 14. Bf1 Bxf1 15. Kxf1 Nc4 16. Qc1 Qb8 17. b3 Nxe5 18. Kg2 Bd6 19. Re1 0-0 0-1

[Event "Catalunya-chT"]
[Site "Catalunya"]
[Date "2012.04.14"]
[Round "10.8"]
[White "Grifell Sola, Joan"]
[Black "Tallo Dominguez, Imar"]
[Result "0-1"]
[WhiteElo "1916"]
[BlackElo "2170"]
[PlyCount "78"]
[EventDate "2012.01.28"]
[EventType "team-tourn"]
[EventRounds "11"]
[EventCountry "ESP"]
[SourceTitle "EXT 2013"]
[Source "ChessBase"]
[SourceDate "2012.11.22"]
[SourceVersion "1"]
[SourceVersionDate "2012.11.22"]
[SourceQuality "1"]
[WhiteTeam "Badalona Sant Josep"]
[BlackTeam "Colon Sabadell"]
[WhiteTeamCountry "ESP"]
[BlackTeamCountry "ESP"]

1. e4 c5 2. d4 cxd4 3. c3 Nf6 4. e5 Nd5 5. cxd4 d6 6. Nf3 Nc6 7. exd6 Qxd6 8. Nc3 Nxc3 9. bxc3 Bg4 10. Bc4 e6 11. a4 Qc7 12. 0-0 Be7 13. Qd3 0-0 14. Ng5 Bf5 15. Qe2 Na5 16. Bd3 Nb3 17. Bxf5 exf5 18. Bd2 Nxa1 19. Rxa1 Bxg5 20. Bxg5 Qxc3 21. Rd1 Rfe8 22. Qf1 h6 23. Be3 Qa5 24. h3 Qxa4 25. d5 Rad8 26. d6 Re6 27. Rd4 Qc6 28. Bf4 g5 29. Rc4 Qd5 30. Be3 Rexd6 31. Rd4 Qb3 32. Rxd6 Rxd6 33. Kh2 a5 34. Qc1 Qd5 35. Qe1 a4 36. Bc1 Re6 37. Qb4 Qe5+ 38. g3 Qe1 39. Qc5 Rc6 0-1

[Event "Sabadell Coral Colon 4th"]
[Site "Sabadell"]
[Date "2012.03.30"]
[Round "8"]
[White "Tallo Dominguez, Imar"]
[Black "Avila Jimenez, Xavier"]
[Result "0-1"]
[WhiteElo "2170"]
[BlackElo "2329"]
[PlyCount "70"]
[EventDate "2012.02.10"]
[EventType "tourn"]
[EventRounds "9"]
[EventCountry "ESP"]
[EventCategory "2"]
[SourceTitle "CBM 147 Extra"]
[Source "ChessBase"]
[SourceDate "2012.04.24"]
[SourceVersion "1"]
[SourceVersionDate "2012.04.24"]
[SourceQuality "1"]

1. e4 c6 2. d4 d5 3. e5 Bf5 4. Nf3 e6 5. Be2 Nd7 6. 0-0 Ne7 7. Nbd2 c5 8. c4 cxd4 9. cxd5 d3 10. dxe6 dxe2 11. exf7+ Kxf7 12. e6+ Kg8 13. Qxe2 Nc5 14. Ng5 Qd3 15. Qe5 Qd5 16. Qxd5 Nxd5 17. Nf7 Nxe6 18. Nxh8 Nd4 19. Nf3 Nxf3+ 20. gxf3 Be7 21. Rd1 Nb4 22. Bd2 Kxh8 23. Bxb4 Bxb4 24. Rd5 Be6 25. Rb5 Bf8 26. Kg2 b6 27. Re5 Bf7 28. a4 Bd6 29. Re3 a5 30. Rd1 Bc5 31. Red3 h6 32. Re1 Bc4 33. Rd7 Bb3 34. Re4 Rf8 35. Rg4 Be6 0-1

[Event "Sabadell Coral Colon 4th"]
[Site "Sabadell"]
[Date "2012.03.23"]
[Round "7"]
[White "Tallo Dominguez, Imar"]
[Black "Banos, Oscar Francisco"]
[Result "1-0"]
[WhiteElo "2170"]
[BlackElo "2256"]
[PlyCount "119"]
[EventDate "2012.02.10"]
[EventType "tourn"]
[EventRounds "9"]
[EventCountry "ESP"]
[EventCategory "2"]
[SourceTitle "CBM 147 Extra"]
[Source "ChessBase"]
[SourceDate "2012.04.24"]
[SourceVersion "1"]
[SourceVersionDate "2012.04.24"]
[SourceQuality "1"]

1. e4 e6 2. d4 d5 3. Nd2 Nc6 4. Ngf3 Nf6 5. e5 Nd7 6. Be2 f6 7. exf6 Qxf6 8. Nf1 Bd6 9. Ne3 0-0 10. 0-0 Qg6 11. c4 Nf6 12. c5 Bf4 13. Nc2 Qh6 14. Bxf4 Qxf4 15. Nce1 Bd7 16. Nd3 Qh6 17. Nde5 Be8 18. Nxc6 Bxc6 19. Ne5 Be8 20. Qc1 Qxc1 21. Raxc1 c6 22. Bd3 Nd7 23. Nxd7 Bxd7 24. f4 b6 25. g3 bxc5 26. dxc5 a5 27. Rc2 g6 28. Re1 Ra7 29. Kf2 Kf7 30. Ke3 Rb8 31. Kd4 Rab7 32. Ree2 Kf6 33. a3 Rb3 34. g4 Bc8 35. Rf2 Ke7 36. g5 Ra8 37. Rc3 Rxc3 38. Kxc3 Ba6 39. Bxa6 Rxa6 40. Rf3 Kf7 41. Rh3 Kg7 42. Kd4 a4 43. Ke5 Ra5 44. Kd6 Rb5 45. Rd3 Kf7 46. Kxc6 Rxb2 47. Rd4 e5 48. fxe5 Ke6 49. Rxa4 Kxe5 50. Ra8 d4 51. Rd8 Ra2 52. Kb7 Rxa3 53. c6 Rb3+ 54. Kc8 d3 55. c7 Ke4 56. Rd7 Ke3 57. Kd8 Rc3 58. c8Q Rxc8+ 59. Kxc8 d2 60. Kd8 1-0

[Event "Sabadell Coral Colon 4th"]
[Site "Sabadell"]
[Date "2012.03.16"]
[Round "6"]
[White "Ryan, Joseph"]
[Black "Tallo Dominguez, Imar"]
[Result "1/2-1/2"]
[WhiteElo "2289"]
[BlackElo "2170"]
[PlyCount "186"]
[EventDate "2012.02.10"]
[EventType "tourn"]
[EventRounds "9"]
[EventCountry "ESP"]
[EventCategory "2"]
[SourceTitle "CBM 147 Extra"]
[Source "ChessBase"]
[SourceDate "2012.04.24"]
[SourceVersion "1"]
[SourceVersionDate "2012.04.24"]
[SourceQuality "1"]

1. Nf3 Nf6 2. g3 d5 3. Bg2 c6 4. c4 Bf5 5. cxd5 cxd5 6. Qb3 Qc8 7. Nc3 e6 8. 0-0 Nc6 9. d3 Be7 10. Bg5 0-0 11. Rac1 h6 12. Bxf6 Bxf6 13. e4 dxe4 14. dxe4 Bh7 15. e5 Be7 16. Rfd1 Rd8 17. Rxd8+ Nxd8 18. Ne2 Qd7 19. Rd1 Qc7 20. Rc1 Qb6 21. Qxb6 axb6 22. Rc7 Kf8 23. a3 Ra5 24. Nc3 b5 25. h4 b4 26. axb4 Bxb4 27. Kh2 Bc5 28. Rd7 Ke8 29. Rd2 Nc6 30. Bf1 Ke7 31. Bb5 Bb4 32. Bxc6 bxc6 33. Nd4 Rc5 34. f4 g5 35. hxg5 hxg5 36. Nde2 Rc4 37. Rd4 Rxd4 38. Nxd4 Kd7 39. fxg5 c5 40. Ndb5 Kc6 41. Kg2 Bd3 42. Nd6 Bg6 43. Kf3 Bxc3 44. bxc3 Kd5 45. Kf4 Bh5 46. Nb7 Kc4 47. Ke4 Bg6+ 48. Ke3 Kd5 49. Kf4 Kc4 50. g4 Kxc3 51. Nxc5 Kd4 52. Nb7 Kd5 53. Nd6 Kd4 54. Ne8 Kd5 55. Nf6+ Kd4 56. Nh5 Kd5 57. Ng3 Kd4 58. Ne2+ Kd5 59. Ng1 Kd4 60. Nf3+ Kd3 61. Nh4 Kd4 62. Ng2 Kd5 63. Ne3+ Kd4 64. Nf1 Kd5 65. Ng3 Kd4 66. Nh5 Kd5 67. Nf6+ Kd4 68. Nh5 Kd5 69. Nf6+ Kd4 70. Nd7 Kd5 71. Ke3 Kc6 72. Nf6 Kc5 73. Ng8 Kd5 74. Kf4 Kd4 75. Ne7 Kd3 76. Nc6 Kc4 77. Nd8 Kd5 78. Nb7 Kd4 79. Nd6 Kd5 80. Ne8 Kd4 81. Nf6 Kd3 82. Ng8 Kd4 83. Ne7 Kd3 84. Nc6 Kc4 85. Ne7 Kd4 86. Ng8 Kd5 87. Nf6+ Kd4 88. Nh5 Kd5 89. Ng3 Kd4 90. Ne2+ Kd5 91. Ng1 Kd4 92. Nf3+ Kd3 93. Ng1 Kd4 1/2-1/2

[Event "Sabadell Coral Colon 4th"]
[Site "Sabadell"]
[Date "2012.03.09"]
[Round "5"]
[White "Tallo Dominguez, Imar"]
[Black "Colon Garcia, Enrique"]
[Result "0-1"]
[WhiteElo "2170"]
[BlackElo "2308"]
[PlyCount "70"]
[EventDate "2012.02.10"]
[EventType "tourn"]
[EventRounds "9"]
[EventCountry "ESP"]
[EventCategory "2"]
[SourceTitle "CBM 147 Extra"]
[Source "ChessBase"]
[SourceDate "2012.04.24"]
[SourceVersion "1"]
[SourceVersionDate "2012.04.24"]
[SourceQuality "1"]

1. e4 c5 2. Nf3 d6 3. d4 cxd4 4. Nxd4 Nf6 5. Nc3 a6 6. g3 e5 7. Nb3 Be7 8. a4 Nc6 9. Bg2 Nb4 10. 0-0 Bg4 11. Qd2 Rc8 12. a5 Bd7 13. Qd1 d5 14. f4 d4 15. fxe5 dxc3 16. exf6 Bxf6 17. e5 Be7 18. bxc3 Rxc3 19. Bd2 Rxc2 20. Bxb7 Qc7 21. Be4 Rc4 22. Qf3 0-0 23. Rac1 Be6 24. Kh1 Qxe5 25. Rxc4 Bxc4 26. Re1 f5 27. Bb7 Qf6 28. Bc3 Qf7 29. Nd4 Nd5 30. Ne6 Nxc3 31. Nxf8 Bxf8 32. Bc6 Ne4 33. g4 Bd5 34. Bxd5 Qxd5 35. gxf5 Ng3+ 0-1

[Event "Catalunya-chT"]
[Site "Catalunya"]
[Date "2012.03.03"]
[Round "6.9"]
[White "Tallo Dominguez, Imar"]
[Black "Ferrer Pinol, Josep Maria"]
[Result "1-0"]
[WhiteElo "2170"]
[BlackElo "2013"]
[PlyCount "89"]
[EventDate "2012.01.28"]
[EventType "team-tourn"]
[EventRounds "11"]
[EventCountry "ESP"]
[SourceTitle "EXT 2013"]
[Source "ChessBase"]
[SourceDate "2012.11.22"]
[SourceVersion "1"]
[SourceVersionDate "2012.11.22"]
[SourceQuality "1"]
[WhiteTeam "Colon Sabadell"]
[BlackTeam "Tarragona"]
[WhiteTeamCountry "ESP"]
[BlackTeamCountry "ESP"]

1. e4 c5 2. Nf3 Nc6 3. d4 cxd4 4. Nxd4 g6 5. Nc3 Bg7 6. Nde2 Nf6 7. g3 d6 8. Bg2 0-0 9. 0-0 Bd7 10. h3 a6 11. a4 Rb8 12. Nd5 Nxd5 13. exd5 Ne5 14. b3 Bc8 15. Nd4 Nd7 16. Ra2 Nf6 17. c4 Bd7 18. a5 Qc8 19. Kh2 b5 20. axb6 Rxb6 21. Be3 Rb8 22. Qd2 Ne8 23. Re1 e5 24. dxe6 fxe6 25. Rea1 e5 26. Ne2 Rxb3 27. c5 Kh8 28. cxd6 Bb5 29. Rc2 Qd7 30. Nc1 Rxe3 31. Qxe3 Qxd6 32. Nb3 Nc7 33. Rac1 Ne6 34. Rc8 Nd4 35. Rxf8+ Bxf8 36. Rc8 Kg7 37. Nc5 Nf5 38. Qb3 Nd4 39. Qa2 Qf6 40. Rc7+ Kh8 41. Rf7 Qd6 42. Ne4 Qb4 43. Nf6 Bg7 44. Qd5 Bxf6 45. Qa8+ 1-0

[Event "Sabadell Coral Colon 4th"]
[Site "Sabadell"]
[Date "2012.03.02"]
[Round "4"]
[White "Subirats Ruiz, Sergi"]
[Black "Tallo Dominguez, Imar"]
[Result "0-1"]
[WhiteElo "2160"]
[BlackElo "2170"]
[PlyCount "63"]
[EventDate "2012.02.10"]
[EventType "tourn"]
[EventRounds "9"]
[EventCountry "ESP"]
[EventCategory "2"]
[SourceTitle "CBM 147 Extra"]
[Source "ChessBase"]
[SourceDate "2012.04.24"]
[SourceVersion "1"]
[SourceVersionDate "2012.04.24"]
[SourceQuality "1"]

1. e4 d5 2. exd5 Qxd5 3. Nc3 Qd6 4. d4 Nf6 5. Nf3 g6 6. g3 Bg7 7. Bg2 Qa6 8. Bf4 c6 9. Qd2 0-0 10. Ne5 Be6 11. Nd3 Nbd7 12. 0-0 Qb6 13. Be3 Ng4 14. Na4 Qd8 15. b3 Bd5 16. Bh3 Nxe3 17. fxe3 f5 18. c4 Bf7 19. Rad1 Qc7 20. Nc3 e5 21. dxe5 Nxe5 22. e4 Rad8 23. Qc2 Nxd3 24. Rxd3 Qe5 25. Rxd8 Rxd8 26. Rf3 b5 27. Kf1 b4 28. Ne2 fxe4 29. Rf4 Rd3 30. c5 Bh6 31. Rxf7 Kxf7 32. Nf4 0-1

[Event "Catalunya-chT"]
[Site "Catalunya"]
[Date "2012.02.25"]
[Round "5.10"]
[White "Tallo Dominguez, Imar"]
[Black "Ballester Benito, Rocco"]
[Result "1-0"]
[WhiteElo "2170"]
[BlackElo "1801"]
[PlyCount "49"]
[EventDate "2012.01.28"]
[EventType "team-tourn"]
[EventRounds "11"]
[EventCountry "ESP"]
[SourceTitle "EXT 2013"]
[Source "ChessBase"]
[SourceDate "2012.11.22"]
[SourceVersion "1"]
[SourceVersionDate "2012.11.22"]
[SourceQuality "1"]
[WhiteTeam "Colon Sabadell"]
[BlackTeam "Foment Martinenc"]
[WhiteTeamCountry "ESP"]
[BlackTeamCountry "ESP"]

1. e4 c5 2. Nf3 a6 3. c4 Nc6 4. d4 cxd4 5. Nxd4 e6 6. Nc3 Bc5 7. Nb3 Bb4 8. Bd3 Nf6 9. 0-0 Ne5 10. Bf4 Ng6 11. Bg3 0-0 12. e5 Ne8 13. Ne4 d6 14. a3 Bc5 15. Nbxc5 dxc5 16. Nxc5 Qc7 17. Ne4 Nxe5 18. Ng5 f5 19. Re1 f4 20. Bxh7+ Kh8 21. Bg6 Nf6 22. Bxf4 Rd8 23. Qb3 Qxc4 24. Qh3+ Kg8 25. Bxe5 1-0

[Event "Sabadell Coral Colon 4th"]
[Site "Sabadell"]
[Date "2012.02.10"]
[Round "1"]
[White "Tallo Dominguez, Imar"]
[Black "Gonzalez Rodriguez, Raul Omar"]
[Result "1-0"]
[WhiteElo "2170"]
[BlackElo "2231"]
[PlyCount "85"]
[EventDate "2012.02.10"]
[EventType "tourn"]
[EventRounds "9"]
[EventCountry "ESP"]
[EventCategory "2"]
[SourceTitle "CBM 147 Extra"]
[Source "ChessBase"]
[SourceDate "2012.04.24"]
[SourceVersion "1"]
[SourceVersionDate "2012.04.24"]
[SourceQuality "1"]

1. e4 b6 2. d4 Bb7 3. Nc3 g6 4. Nf3 Bg7 5. Bc4 a6 6. a4 e6 7. Bg5 f6 8. Bh4 d5 9. exd5 exd5 10. Qe2+ Ne7 11. Bb3 c6 12. 0-0 Bc8 13. Rfe1 Ra7 14. Bg3 Bg4 15. h3 Bxf3 16. gxf3 0-0 17. Qe6+ Rf7 18. Ne4 Qd7 19. Qxd7 Nxd7 20. Nd6 Nf5 21. Nxf7 Kxf7 22. Rad1 Nf8 23. c4 Rd7 24. cxd5 cxd5 25. Bc2 Ne6 26. Bxf5 gxf5 27. Bb8 Rb7 28. Bd6 Rd7 29. Bb4 Bh6 30. a5 bxa5 31. Bxa5 Bf4 32. Bc3 Bb8 33. Ra1 Nf4 34. h4 Ng6 35. h5 Nh4 36. Re3 Bf4 37. Rd3 Rd8 38. Rxa6 Rg8+ 39. Kf1 Rg2 40. Ra7+ Kg8 41. Bd2 Bxd2 42. Rxd2 Rh2 43. Rc2 1-0